00993nam a2200289 a 450000100060000000300080000600500170001400800410003103500190007204000270009104100080011808200210012609000150014724500860016224600180024826000460026630000590031250000260037150000330039750400490043065000190047965000240049870000310052294200120055399900170056595201210058233147BD-RjUL20211209051944.0140430r19611918enkcfh b 001 0 eng d a(BD-RjUL)33238 aBNGcBNGbengdBD-RjUL aeng00bMAT 1961a297.88 aBP320b.B710aMaterials for the study of the Bábí religion /ccompiled by Edward G. Browne.18aBabi religion aCambridge :bThe University press,c1961. axxiv, 380p. :bfront., pl., ports., facsims. ;c19 cm. a"First printed 1918." aOn spine: The Babi Religion. aInclude index and Bibliographical footnotes. 0aBabism9100690 0aBahai Faith91003431 a Browne, Edward G.9101074 2ddccBK c33147d33147 00102ddc40718NFICaRUCLbRUCLcReadingd1964-01-24l0o297.88 MAT 1961r2014-04-30 00:00:00tC-1w2021-12-09yBK